000 00689cac a2200217 a 4500
003 CO-PeBPM
005 20251110103125.0
008 231129e1979||||xx |||||||||||||| ||spa||
040 0 _aCO-PeBPM
_bspa
_cCO-PeBPM
_erda
041 0 _aspa
082 0 4 _a302.2244 F363c
100 1 _aFernández de la Torriente, Gastón
_eautor
245 1 0 _aCómo escribir correctamente
_b; Comunicación escrita
_c/ Gastón Fernández De La Torre
260 _aColombia
_bCí­rculo de Lectores
_c1979
300 _a184 Páginas
_c; 25 Centiímetros
490 _a Autoaprendizaje
500 _aIncluye Índice
650 1 4 _aArte de escribir
_2LEMB
650 1 4 _aEstilo literario
_2LEMB
942 _2ddc
_cBK
999 _c7793
_d7793